000 01254nam1a22003011i 4500
001 v19\rc\1625813
005 20240723102044.0
035 _a(NLR Aleph) 004742341
090 _a4498878
_c4498878
100 _a20061002g19001901|||y0rusy50 ca
101 1 _arus
_cfre
102 _aRU
105 _a z |||||
200 1 _aДиагностика внутренних и нервных болезней
_e(Debove et Achard. Diagnostic medical. Т. I-II, Paris, 1899-1900). Т. 1-2
_fПроф. Дебов (Debove) и д-р Ашар (Achard)
_gПер. с фр. д-ра М.А. Раскиной
210 _aСанкт-Петербург
_cжурн. "Соврем. медицина и гигиена"
_d1900-1901
215 _a2 т.
_d25
454 0 _12001#$aDiagnostic medical$eТ. 1-2
_1210##$aParis$d1899-1900
_1700#1$aDebove
_1701#1$aAchard
_tDiagnostic medical
_aDebove
700 1 _aДебов
_bМ.
_gМорис
701 1 _aАшар
_bШ.
_gШарль
702 1 _aРаскина
_bМ.А.
_f1861-
_gМария Абрамовна
_4730
801 0 _aRU
_bNLR
_gpsbo
801 0 _aRU
_bRuMoRGB
_2psbo
801 1 _aRU
_bProSoft-M
_2rusmarc
852 _aNLR
_j19.54.4.7
899 _aRuMoRGB
_jM 3/7
899 _aRuMoRGB
_jW 213/778
899 _aБАН
942 _cBOOK